| LEADER 00000nam 2200000uu 4500 |
| 001 212155 |
| 003 ULIBM |
| 008 020711s2560 th a 000 0 tha d |
| 041 ^atha
|
| 060 4 WA900.JT3 ส691 2560
|
| 245 สรุปผลที่สำคัญการสำรวจอนามัย สวัสดิการ และพฤติกรรมการบริโภคอาหารของประชากร พ.ศ.2560/^cสำนักงานสถิติแห่งชาติ
|
| 260 กรุงเทพฯ :^bสำนักงานสถิติแห่งชาติ,^c2560
|
| 300 26 หน้า :^bภาพประกอบ ;^c21 ซม.
|
| 650 4 สวัสดิการด้านการรักษาพยาบาล^xสถิติ
|
| 650 4 ^aสุขภาพและอนามัย^xสถิติ
|
| 650 4 ^aสุขภาพ^xสถิติ
|
| 650 4 ^aพฤติกรรมการบริโภค
|
| 710 2 ^aสำนักงานสถิติแห่งชาติ
|
| 856 ^zสรุปผลที่สำคัญการสำรวจอนามัยฯ พ.ศ.2560.pdf (สารบัญหนังสือ)^uhttp://110.164.94.213/ULIB62015//_fulltext/5/212155/20180809142727_2232.pdf |
| 999 ^aใช้งานได้ทุกระบบ
|